| 000 | 00881nam a2200253 a 4500 | ||
|---|---|---|---|
| 001 | 45974 | ||
| 003 | BD-RjUL | ||
| 005 | 20211209054106.0 | ||
| 008 | 160730s1947 mnua b 001 0 eng | ||
| 035 | _a(BD-RjUL)46092 | ||
| 040 |
_aDLC _cWSU _dOCL _dSER _dEQO _dBD-RjUL _beng |
||
| 041 | _aeng | ||
| 082 |
_a327.730994 _223 _bLEA 1947 |
||
| 100 | 1 |
_aLevi, Werner, _d1912-2005 _9129710 |
|
| 245 | 1 | 0 |
_aAmerican-Australian relations / _cby Werner Levi |
| 260 |
_aMinneapolis : _bUniversity of Minnesota Press ; _cc1947. |
||
| 300 |
_a[2] 184 p. : _bill. ; _c23 cm. |
||
| 504 | _aBibliography: p. 174-180. | ||
| 651 | 0 |
_aUnited States _xForeign relations _zAustralia. _9140579 |
|
| 651 | 0 |
_aAustralia _xForeign relations _zUnited States. _9140580 |
|
| 651 | 0 |
_aUnited States _xRelations _zAustralia. _9140581 |
|
| 651 | 0 |
_aAustralia _xRelations _zUnited States. _9140582 |
|
| 942 |
_2ddc _cBK |
||
| 999 |
_c45974 _d45974 |
||